Documentos fundamentales del Sistema de la Integración Centroamericana (SICA)
Esta publicación es el compendio de una serie de documentos relativos la integración económica y social de la región. Dichos documentos, constituyen acuerdos y legislación fundamentales para el Sistema de la Integración Centroamericana (SICA). Se adjuntan los textos de los compromisos adquiridos por...
Na minha lista:
| Formato: | Texto |
|---|---|
| Publicado em: |
San José:
CSUCA
|
| Assuntos: | |
| Tags: |
Adicionar Tag
Sem tags, seja o primeiro a adicionar uma tag!
|
MARC
| LEADER | 00000 a a2200000 04500 | ||
|---|---|---|---|
| 001 | 33077 | ||
| 003 | |||
| 040 | |||
| 090 | |a 206200 | ||
| 245 | |a Documentos fundamentales del Sistema de la Integración Centroamericana (SICA) | ||
| 260 | |a San José: |b CSUCA | ||
| 300 | |a p. irreg. | ||
| 520 | |a Esta publicación es el compendio de una serie de documentos relativos la integración económica y social de la región. Dichos documentos, constituyen acuerdos y legislación fundamentales para el Sistema de la Integración Centroamericana (SICA). Se adjuntan los textos de los compromisos adquiridos por los presidentes centroamericanos, quienes han tomado decisiones respecto a temas como desarrollo sostenible, equidad social, mantenimiento de la paz, democratización, solidaridad regional, etc | ||
| 650 | |a AMERICA CENTRAL | ||
| 650 | |a INTEGRACION REGIONAL | ||
| 650 | |a ACUERDOS INTERNACIONALES | ||
| 650 | |a LEGISLACION | ||
| 650 | |a GLOBALIZACION | ||
| 650 | |a PAISES EN DESARROLLO | ||
| 650 | |a INTEGRACION ECONOMICA | ||
| 650 | |a DESARROLLO SOSTENIBLE | ||
| 650 | |a RESPONSABILIDAD DE LOS ESTADOS | ||
| 650 | |a DESARROLLO HUMANO | ||
| 650 | |a CALIDAD DE LA VIDA | ||
| 650 | |a PROTECCION AMBIENTAL | ||
| 650 | |a D | ||
| 999 | |c 14994 |d 14994 | ||
